| 000 | 00557nam a2200193Ia 4500 | ||
|---|---|---|---|
| 003 | SISC | ||
| 005 | 20190115092139.0 | ||
| 008 | 190115s9999 xx 000 0 und d | ||
| 020 | _a9780071849296 | ||
| 050 |
_aPC 2129.E5 _b.St857 2016 |
||
| 100 | _aStillman, David M. | ||
| 245 |
_cDavid M. Stillman, Ronni L. Gordon _aThe Ultimate french review and practice/ |
||
| 250 | _a3rd. ed. | ||
| 260 |
_aNY: _bMcGraw Hill Education _c2016 |
||
| 300 |
_axvi, 426 pages : _c250 cm. |
||
| 500 | _aIncludes index | ||
| 650 | _aFrench language | ||
| 942 |
_2lcc _cBK |
||
| 999 |
_c360342 _d360342 |
||